Un joueur avec ses 3 premiers clubs 5 (Edition LDC) - Statistiques

Statistiques générales
  • Ce quiz a été pris 223 fois
  • Le résultat moyen est 6 sur 15
Statistiques - réponses
Club 1 Club 2 Club 3 Joueur % Correct
Santos Barcelone PSG Neymar
96%
Southampton Tottenham Real Madrid Bale
77%
PSG Juventus Bayern Munich Coman
65%
Fluminense Real Madrid Olimpiacos Marcelo
63%
Monaco Juventus Arsenal Henry
51%
Gremio PSG Barcelone Ronaldinho
51%
Byrne Molde Salzbourg Haaland
43%
Sporting Portugal Manchester united Fenerbahce Nani
38%
Hellas Verone Naples Chelsea Jorginho
30%
Brescia Inter Milan Ac Milan Pirlo
26%
Barcelone Dortmund Betis Seville Bartra
24%
Barcelone Chelsea As Rome Pedro
20%
Losc Liverpool Ac Milan Origi
15%
Hertha Berlin Hambourg Manchester City Boateng
8%
Ec Juventude Losc Standard de liège Dante
4%
Aucun quiz correspondant
Distribution des résultats
% des personnes avec chaque résultat
Percentile par nombre de réponses
Votre historique - résultats
Vous n’avez pas pris ce quiz